NLSUI OPAC header image

Agnatanobbana Atma Charitre (Novel) (Record no. 120793)

MARC details
000 -LEADER
fixed length control field 00301nam a2200109Ia 4500
100 ## - MAIN ENTRY--PERSONAL NAME
Personal name Krishnamurthy Hanuru
245 #0 - TITLE STATEMENT
Title Agnatanobbana Atma Charitre (Novel)
264 ## - PRODUCTION, PUBLICATION, DISTRIBUTION, MANUFACTURE, AND COPYRIGHT NOTICE
Name of producer, publisher, distributor, manufacturer Akita Pushtaka|Basavangudi
Place of production, publication, distribution, manufacture Bangalore
300 ## - PHYSICAL DESCRIPTION
Extent 232
942 ## - ADDED ENTRY ELEMENTS (KOHA)
Koha item type CSSEIP Office Library Collection
Holdings
Withdrawn status Lost status Damaged status Not for loan Home library Current library Shelving location Date acquired Total Checkouts Barcode Date last seen Price effective from Koha item type
      Not For Loan . . CSSEIP Office Library - Gandhian Studies 23.06.2020   G0147 23.06.2020 23.06.2020 CSSEIP Office Library Collection